000 00592nam a2200205Ia 4500
005 20250508164436.0
008 008 250505s9999 xx 000 0 hin d
037 _aTextBook
040 _aFEDL
_beng
_cFEDL
041 _ahin
_2eng
084 _a001.434, BRO
_qFEDL
100 _aBroota K D
245 0 _aVyavharparak anusandhan mein prayogik abhikalp
260 _aDelhi, India
_bHindi Madhyam Karyanvayan Nideyshalaya
_c2002
300 _axii,648p.
365 _aINR
_b180
650 _aExperimental research
942 _cTB
_h001.434, BRO
999 _c1389159
_d1389159